ஒரு மறைந்து போன நாகரிகத்தின் தரிசனங்கள் : ஆதிகால யாழ்ப்பாணம் சுதாயமும் பண்பாடும் : கி. மு. 300 - கி.பி. 500 /
Saved in:
| Main Author: | |
|---|---|
| Format: | Book |
| Language: | English |
| Published: |
கொழும்பு :
கொழும்புத் தமிழ்ச் சங்கம்,
2024.
|
| Tags: |
Add Tag
No Tags, Be the first to tag this record!
|
MARC
| LEADER | 00000nam a2200000 4500 | ||
|---|---|---|---|
| 003 | LK-CoNLD | ||
| 005 | 20251122115338.0 | ||
| 008 | 251122b xxu||||| |||| 00| 0 eng d | ||
| 017 | |b LK-CoDNA | ||
| 020 | |a 9786246036034 | ||
| 040 | |a LK-CoNLD |b TAM |c LK-CoNLD |d LK-CoNLD | ||
| 100 | |9 5517 |a பத்மநாதன், சி. | ||
| 245 | |a ஒரு மறைந்து போன நாகரிகத்தின் தரிசனங்கள் : |b ஆதிகால யாழ்ப்பாணம் சுதாயமும் பண்பாடும் : கி. மு. 300 - கி.பி. 500 / |c சி.பத்மநாதன். | ||
| 260 | |a கொழும்பு : |b கொழும்புத் தமிழ்ச் சங்கம், |c 2024. | ||
| 300 | |a ப. xxiv, 308 ; | ||
| 880 | |6 245 - 1 |a Oru marainthu poona nagareegaththin tharisanagkal : Aathukala yalppanam | ||
| 942 | |c BOOK | ||
| 999 | |c 294453 |d 294453 | ||
| 945 | |a 22 |b Logeshwary RAMASAMY |c 22 |d Logeshwary RAMASAMY | ||